000 00794nam a2200253Ia 4500
003 OSt
005 20220930195303.0
006 a|||||r|||| 00| 0
007 ta
008 220926b |||||||| |||| 00| 0 hin d
024 _a14764
037 _cDissertations
040 _aCRL
_cCRL
_bhin
041 _2hin
_ahin
100 _aLucky Sanjay Kumar
_9564032
110 _aUniversity of Delhi. Faculty of Arts. Department of Hindi
245 0 _aDoob
_b Vikas aur visthapan ki smasya
260 _c1996
650 _aHINDI LITERATURE
_923866
700 _a Prof. Nitya Nand Tiwari Supervisor
_9564033
700 _aUniversity of Delhi. Faculty of Arts. Department of Hindi
942 _cDIS
_2CC
999 _c898870
_d898870